000 00968cam a22003133a 4500
001 27062
003 PGUSA
005 20140828083601.0
008 081027s2008||||xxu|||||s|||||000 | eng d
040 _aPGUSA
_beng
042 _adc
050 4 _aPR
100 1 _aShakespeare, William,
_d1564-1616
245 1 0 _aRomeo i Julia :
_bTragedya w 5 Aktach
_h[electronic resource] /
_cWilliam Shakespeare
260 _bProject Gutenberg,
_c2008
506 _aPublic domain in the USA.
516 _aElectronic text
653 _aVendetta -- Drama
653 _aYouth -- Drama
653 _aRomeo (Fictitious character) -- Drama
653 _aJuliet (Fictitious character) -- Drama
653 _aVerona (Italy) -- Drama
653 _aConflict of generations -- Drama
700 1 _aPaszkowski, Józef,
_d1817-1861
740 0 _aRomeo and Juliet. Polish
830 0 _aProject Gutenberg
_v27062
856 4 0 _uhttp://www.gutenberg.org/ebooks/27062
942 _cEB
999 _c256317
_d256317